000 01549nam0a2200325 4500
001 RU\NLR\bibl\1755271
005 20260407163548.0
010 _a978-5-91892-053-4
_9200
021 _aRU
_b2011-18559
_91313
035 _a(NLR Aleph) 001746112
090 _a1489734
_c1489734
100 _a20110406d2011 |||y0rusy50 ca
101 0 _arus
102 _aRU
105 _ay |||||||||
200 1 _aСергей Ефимович Метелев
_eбиблиографические материалы
_fМ-во образования и науки РФ, Гос. образоват. учреждение высш. проф. образования Рос. гос. торг.-экон. ун-т, Омск. ин-т (фил.)
210 _aОмск
_cОмский ин-т (филиал) РГТЭУ
_d2011
215 _a94 с.
_d21
320 _aАлф. указ. трудов: с. 73-94
600 1 _aМетелев
_bС.Е.
_f1955
_gСергей Ефимович
_jБиобиблиография
_92619572
_3RU\NLR\auth\661556132
686 _aУ.д(2)я1
686 _aХ.д(2)я1
702 1 _4570
_8rus
_7ca
_aМетелев
_bС. Е.
_f1955-
_gСергей Ефимович
_3RU\NLR\auth\7745701
_928636
712 0 2 _4570
_aРоссийский государственный торгово-экономический университет
_bОмский институт (филиал)
_3RU\NLR\AUTH\8810102382
_9705424
801 0 _aRU
_bNLR
_c20110406
_gRCR
801 1 _aRU
_bNLR
_c20110406
942 _cBOOK
980 _aNB
980 _aNBR